000
00221nam a2200109Ia 4500
100
_a
#N/A
942
_c
BK
654
_a
compact disc
245
_a
Compact Disc Vidio CD-Ice age
260
_b
#N/A
_c
2003
546
_a
ENGLISH
999
_c
21157
_d
21157